000 00451nam a2200193Ia 4500
008 210210b1938 xxu||||| |||| 00| 0 eng d
041 _aeng
082 _a824/327
100 _aSTOLL (E E)
245 _aArt and artifice in shakespeare
260 _aCambridge
_bAt the University Press
_c1938
650 _ashakespeare
650 _ain
650 _aartifice
650 _aArt
650 _aand
690 _aEnglish Prose
906 _a014277
999 _c133432
_d133432